Online
Catalog

Expedición de los catalanes y aragoneses contra turcos y griegos / (Record no. 16384)

MARC details
000 -CABECERA
campo de control de longitud fija 00801cam a2200217 a 4500
001 - NÚMERO DE CONTROL
campo de control 000016852
005 - FECHA Y HORA DE LA ÚLTIMA TRANSACCIÓN
campo de control 20200929164955.0
008 - DATOS DE LONGITUD FIJA--INFORMACIÓN GENERAL
campo de control de longitud fija 100310s1941 sp r 000 0 spa d
040 ## - FUENTE DE LA CATALOGACIÓN
Centro catalogador/agencia de origen DO-SdBNP
Lengua de catalogación spa
Centro/agencia transcriptor BNPHU
082 ## - NÚMERO DE LA CLASIFICACIÓN DECIMAL DEWEY
Número de clasificación 949.504
Número de documento/Ítem M737e
049 ## - FONDOS LOCALES (OCLC)
Fondos de biblioteca BNGR
100 1# - ENTRADA PRINCIPAL--NOMBRE DE PERSONA
Nombre de persona Moncada, Francisco de,
Fechas asociadas al nombre 1586 - 1635
9 (RLIN) 37313
245 10 - MENCIÓN DE TÍTULO
Título Expedición de los catalanes y aragoneses contra turcos y griegos /
Mención de responsabilidad, etc. Francisco de Moncada ; prólogo y notas Samuel Gili y Gaya.
260 ## - PUBLICACIÓN, DISTRIBUCIÓN, ETC.
Lugar de publicación, distribución, etc. Madrid :
Nombre del editor, distribuidor, etc. Espasa-Calpe,
Fecha de publicación, distribución, etc. 1941.
300 ## - DESCRIPCIÓN FÍSICA
Extensión 251 p. ;
Dimensiones 18 cm.
490 1# - MENCIÓN DE SERIE
Mención de serie Clásicos Castellanos
Designación de volumen o secuencia 54
500 ## - NOTA GENERAL
Nota general Incluye referencias bibliográficas y notas al pie de las páginas.
650 #4 - PUNTO DE ACCESO ADICIONAL DE MATERIA--TÉRMINO DE MATERIA
Término de materia o nombre geográfico como elemento de entrada Imperio bizantino
9 (RLIN) 37314
700 1# - PUNTO DE ACCESO ADICIONAL--NOMBRE DE PERSONA
Nombre de persona Gili y Gaya, Samuel,
Títulos y otros términos asociados al nombre pról.
9 (RLIN) 37315
830 #0 - PUNTO DE ACCESO ADICIONAL DE SERIE-TÍTULO UNIFORME
Título uniforme Clásicos Castellanos ;
Designación de volumen o secuencia 54
9 (RLIN) 4180
Holdings
Estado de retiro Estado de pérdida Restricciones de uso No para préstamo Código de colección Localización permanente Ubicación/localización actual Ubicación en estantería Fecha de adquisición Número de inventario Total de préstamos Signatura topográfica completa Código de barras Fecha visto por última vez Precio válido a partir de Tipo de ítem Koha
    Préstamo interno   Monografías: Libros y Folletos General General En catalogación 10.03.2010 LF1   949.504 M737e 16852-10 25.06.2020 25.06.2020 Préstamo interno

Powered by Koha